| 000 -LEADER |
| fixed length control field |
02344cam a2200361 a 4500 |
| 001 - CONTROL NUMBER |
| control field |
9695864 |
| 003 - CONTROL NUMBER IDENTIFIER |
| control field |
Nust- CAS-E |
| 005 - DATE AND TIME OF LATEST TRANSACTION |
| control field |
20180118181408.0 |
| 006 - FIXED-LENGTH DATA ELEMENTS--ADDITIONAL MATERIAL CHARACTERISTICS |
| fixed length control field |
m d |
| 007 - PHYSICAL DESCRIPTION FIXED FIELD--GENERAL INFORMATION |
| fixed length control field |
cr n |
| 008 - FIXED-LENGTH DATA ELEMENTS--GENERAL INFORMATION |
| fixed length control field |
120326s2012 maua s 001 0 eng d |
| 020 ## - INTERNATIONAL STANDARD BOOK NUMBER |
| International Standard Book Number |
9781118016213 (hardback) |
| 035 ## - SYSTEM CONTROL NUMBER |
| System control number |
(WaSeSS)ssj0000703012 |
| 040 ## - CATALOGING SOURCE |
| Original cataloging agency |
DLC |
| Transcribing agency |
DLC |
| Modifying agency |
DLC |
| -- |
WaSeSS |
| 042 ## - AUTHENTICATION CODE |
| Authentication code |
pcc |
| 043 ## - GEOGRAPHIC AREA CODE |
| Geographic area code |
n-us--- |
| 050 #4 - LIBRARY OF CONGRESS CALL NUMBER |
| Classification number |
TJ809.95 |
| Item number |
.G78 2012 |
| 082 00 - DEWEY DECIMAL CLASSIFICATION NUMBER |
| Classification number |
621.47 |
| Edition number |
23 |
| Author Mark |
GRU-T 2012 |
| 084 ## - OTHER CLASSIFICATION NUMBER |
| Classification number |
TEC031000 |
| Number source |
bisacsh |
| 100 1# - MAIN ENTRY--PERSONAL NAME |
| Personal name |
Grupp, Michael. |
| 210 10 - ABBREVIATED TITLE |
| Abbreviated title |
Time to shine |
| 245 10 - TITLE STATEMENT |
| Title |
Time to shine |
| Medium |
[electronic resource] : |
| Remainder of title |
applications of solar energy technology / |
| Statement of responsibility, etc. |
Michael Grupp. ; with Marlett Balmer ... [et al.] |
| 260 ## - PUBLICATION, DISTRIBUTION, ETC. |
| Place of publication, distribution, etc. |
Beverly, MA : |
| Name of publisher, distributor, etc. |
Scrivener Pub. ; |
| Place of publication, distribution, etc. |
Hoboken, N.J. : |
| Name of publisher, distributor, etc. |
Co-published by Wiley, |
| Date of publication, distribution, etc. |
c2012. |
| 502 ## - DISSERTATION NOTE |
| Dissertation note |
0 |
| 506 ## - RESTRICTIONS ON ACCESS NOTE |
| Terms governing access |
License restrictions may limit access. |
| 520 ## - SUMMARY, ETC. |
| Summary, etc. |
"Solar energy has been the "new" energy for a long time. As this technology becomes a larger and larger piece of the energy spectrum, it is increasingly important for engineers, scientists, managers, and other decision-makers to understand solar energy technology and its applications. This book, written in easy-to-understand language, with plentiful color photos and illustrations, is the perfect primer on solar energy for anyone working in the energy industry or just wants to learn more about solar energy technology. With a focus on its current uses in other countries, including developing countries, this book shows examples of actual and potential uses of solar energy right here in the USA. It presents an original view of solar energy technology, as well as tools for the understanding of consequences of energy-related decisions. Parts of this book draw to a large extent on the work of the Synopsis Institute in Lodève (France), a leading research and development firm in the area of solar energy technology and its practical uses in our everyday lives"-- |
| 650 #0 - SUBJECT ADDED ENTRY--TOPICAL TERM |
| Topical term or geographic name entry element |
Solar energy |
| Geographic subdivision |
United States. |
| 650 #7 - SUBJECT ADDED ENTRY--TOPICAL TERM |
| Topical term or geographic name entry element |
TECHNOLOGY & ENGINEERING / Power Resources / General. |
| Source of heading or term |
bisacsh |
| 773 #0 - HOST ITEM ENTRY |
| Title |
Wiley-Blackwell Online Books |
| 856 40 - ELECTRONIC LOCATION AND ACCESS |
| Uniform Resource Identifier |
<a href="http://www.columbia.edu/cgi-bin/cul/resolve?clio9695864">http://www.columbia.edu/cgi-bin/cul/resolve?clio9695864</a> |
| Public note |
Full text available from Wiley-Blackwell Online Books |
| 910 ## - USER-OPTION DATA (OCLC) |
| User-option data |
Library of Congress record |
| 942 ## - ADDED ENTRY ELEMENTS (KOHA) |
| Source of classification or shelving scheme |
|
| Koha item type |
Book |